000
00304nam a2200157Ia 4500
100
_a
Manning/Jonathon
650
_a
iOS
942
_c
BK
366
_f
20
654
_a
iOS
245
_a
iOS Game development cook book
260
_b
SPD
_c
2014
082
_b
MAN
300
_a
376
546
_a
ENGLISH
999
_c
28082
_d
28082